000 00718nam a2200241Ia 4500
003 OSt
005 20220928120059.0
006 a|||||r|||| 00| 0
007 ta
008 220927b |||||||| |||| 00| 0 eng d
024 _a130723
037 _cTextual
040 _aSDCL
_cSDCL
_beng
041 _2eng
_aeng
082 _aY49:5:5(Y).2'N7, L7
100 _aNambudiri C N S
_9447499
245 0 _aStrategy for family planning in the Indian industrial sector.
260 _aNew Delhi
_bSterling Publishers
_c1977
300 _axii,143p.
_ccm.
700 _a Sharma Baldev R
_9401442
942 _hY49:5:5(Y).2'N7, L7
_cTEXL
_2CC
999 _c762168
_d762168